| 000 | 00377nam a22001577a 4500 | ||
|---|---|---|---|
| 005 | 20230608105821.0 | ||
| 008 | 230608b |||||||| |||| 00| 0 eng d | ||
| 020 | _a9781435455085 | ||
| 082 |
_a770.688 _bADL-L |
||
| 100 | _aAdler,lindsay | ||
| 245 | _aThe Linked Photo graphers Guide | ||
| 260 |
_aUSA _bCengage _cc2011 |
||
| 300 | _a361 | ||
| 650 | _aMarketing | ||
| 999 |
_c18669 _d18669 |
||